European Flag-Country Matching Quiz - Sudden Death - Statistics

General Stats
  • This quiz has been taken 1,752 times
  • The average score is 9 of 21
Answers on the Grid
Answers color-coded by a green-red scale on the quiz's grid according to % correct below.
Norway
Malta
Croatia
Netherlands
Poland
Sweden
Kosovo
Romania
Austria
France
Monaco
San Marino
United Kingdom
Iceland
Luxembourg
Slovenia
Liechtenstein
Russia
Hungary
Latvia
Andorra
Czech Republic
Finland
Belgium
Ukraine
Switzerland
Moldova
North Macedonia
Vatican City
Denmark
Bulgaria
Spain
Lithuania
Slovakia
Serbia
Greece
Portugal
Estonia
Bosnia and
Herzegovina
Belarus
Italy
Albania
Montenegro
Germany
Ireland
 
Answer Stats
Answer % Correct
United Kingdom
United Kingdom
51%
Greece
Greece
50%
Italy
Italy
48%
France
France
48%
Spain
Spain
48%
Portugal
Portugal
48%
Switzerland
Switzerland
46%
Vatican City
Vatican City
46%
Ireland
Ireland
46%
Denmark
Denmark
45%
Estonia
Estonia
45%
Bosnia and Herzegovina
Bosnia and
Herzegovina
45%
San Marino
San Marino
44%
Finland
Finland
44%
North Macedonia
North Macedonia
44%
Malta
Malta
43%
Romania
Romania
42%
Czech Republic
Czech Republic
42%
Kosovo
Kosovo
41%
Belarus
Belarus
41%
Lithuania
Lithuania
38%
No matching quizzes found
Score Distribution
Percent of People with Each Score
Percentile by Number Answered
Your Score History
You have not taken this quiz